BUBT Library Online Catalog

Logistic & supply chain management (Record no. 95)

000 -LEADER
fixed length control field 00484nam a22001577a 4500
008 - FIXED-LENGTH DATA ELEMENTS--GENERAL INFORMATION
fixed length control field 140129b xxu||||| |||| 00| 0 eng d
082 ## - DEWEY DECIMAL CLASSIFICATION NUMBER
Edition number 21
Classification number 658.01
100 ## - MAIN ENTRY--PERSONAL NAME
9 (RLIN) 114
Personal name Christopher, Martin
245 ## - TITLE STATEMENT
Title Logistic & supply chain management
Statement of responsibility, etc. by Martin Christopher.
250 ## - EDITION STATEMENT
Edition statement 2nd ed.
260 ## - PUBLICATION, DISTRIBUTION, ETC. (IMPRINT)
Place of publication, distribution, etc. London,
Name of publisher, distributor, etc. Financial Times,
Date of publication, distribution, etc. c1998.
300 ## - PHYSICAL DESCRIPTION
Extent xvii, 614p.:
Other physical details ills., chats., tabs.;
Dimensions 23 cm.
500 ## - GENERAL NOTE
General note Includes bibliography and index.
650 #0 - SUBJECT ADDED ENTRY--TOPICAL TERM
9 (RLIN) 39
Topical term or geographic name as entry element Management
942 ## - ADDED ENTRY ELEMENTS (KOHA)
Source of classification or shelving scheme
Koha item type Books
Holdings
Withdrawn status Lost status Source of classification or shelving scheme Damaged status Not for loan Permanent location Current location Date acquired Inventory number Total Checkouts Full call number Date last seen Price effective from
          Bangladesh University of Business and Technology Library Bangladesh University of Business and Technology Library 01/30/2014 150   658.01 01/30/2014 01/30/2014
          Bangladesh University of Business and Technology Library Bangladesh University of Business and Technology Library 01/30/2014 151   658.01 01/30/2014 01/30/2014

More Information About Library

Library Hours

  • Open: 9.00 am. to 9.00 pm.
  • Only Sunday: 9.00 am. to 6.00 pm.
  • Closed: Holiday

Contact to the University

Bangladesh University of Business and Technology Library

  • Mirpurl-2, 1216.
  • Phone:
  • Fax:
  • E-Mail: admin.library@bubt.edu.bd

Contact to the Library

Contact Person:

Md. Abdul Hakim Shah
Joint Librarian
PABX No:  113
Cell No: 01816332931
E-mail: official: admin.library@bubt.edu.bd
Personal: hakim.shah@bubt.edu.bd


BUBT Library

Copyright © 2021